Vzťahy v distribučnom kanáli bakalárska práca

Enregistré dans:
Détails bibliographiques
Auteur principal: Mikloš, Samuel
Collectivité auteur: Podnikovohospodárska fakulta EU so sídlom v Košiciach. Katedra obchodného podnikania
Autres auteurs: Pružinský, Michal, 1952-
Format: Livre
Langue:slovaque
Publié: Košice 2019
Tags: Ajouter un tag
Pas de tags, Soyez le premier à ajouter un tag!

MARC

LEADER 00000nbm a2200000 4500
001 0256397
005 20191001085343.8
041 0 |a slo 
044 |a SK 
245 1 0 |a Vzťahy v distribučnom kanáli  |b bakalárska práca  |c Samuel Mikloš ; školiteľ: Michal Pružinský 
264 1 |a Košice  |c 2019 
300 |a 51 s. 
100 1 |a Mikloš, Samuel 
700 1 |a Pružinský, Michal, 1952- 
710 2 |a Podnikovohospodárska fakulta EU so sídlom v Košiciach. Katedra obchodného podnikania